Statistiques concernant Culture Générale - Série 1594

Cliquez ici pour prendre le quiz!

Statistiques générales

  • Ce quiz a été pris 151 fois
  • Le résultat moyen est 6 sur 10

Statistiques - réponses

QuestionRéponse% Correct
Selon l'expression, à quelles pattes d'insecte compare-t-on une écriture très petite et peu lisible ?mouche
96%
À quel nombre arabe correspond la lettre “L” de la numérotation romaine ?50
93%
Du nom de quel reptile a-t-on tiré un verbe qui signifie "paresser au soleil" ?lézard
87%
Dans quel pays peut-on visiter les villes de : Chiraz et d'Ispahan ?Iran
75%
Comment s'appelle le long cri du cerf au moment du rut ?brame
73%
Comment se prénomme le père de la famille Ingalls dans la série télévisée "La Petite Maison dans la prairie" ?Charles
71%
Selon l'expression, que prend-on pour des lanternes, quand on se trompe grossièrement ?des vessies
59%
Quelle chanteuse ouvre le Petit conservatoire de la chanson à Paris en 1955 ?Mireille
39%
Quel était le pays d'origine du peintre français Chaïm Soutine ?Lituanie
7%
Quel était l'ancien nom de l'île Maurice entre 1715 et 1810 ?L'île de France
4%

Distribution des résultats

Percentile par nombre de réponses

% des personnes avec chaque résultat

Votre développement - résultats

Vous n’avez pas pris ce quiz